[Event "FRA Team Ch"]
[Site "MONTPELLIER"]
[Date "2002.02.02"]
[Round "2.8"]
[White "Bujisho, Benjamin"]
[Black "Rouchouse, Stevens"]
[Result "1/2-1/2"]
[WhiteElo "2358"]
[BlackElo "2185"]
[PlyCount "103"]
[EventDate "2002.02.??"]
[WhiteTeam "Nice"]
[BlackTeam "Orange"]

1. e4 c5 2. Nc3 e6 3. g3 Nc6 4. Bg2 g6 5. d3 Bg7 6. Be3 d6 7. Qd2 Nge7 8. Bh6
O-O 9. h4 Kh8 10. Bxg7+ Kxg7 11. h5 Ng8 12. f4 f5 13. Nf3 Nf6 14. hxg6 hxg6 15.
Ng5 Qe7 16. O-O-O Bd7 17. Rde1 Rh8 18. exf5 gxf5 19. g4 Rxh1 20. Bxh1 fxg4 21.
Nxe6+ Bxe6 22. Bxc6 Qf7 23. Bg2 Rf8 24. f5 Bxf5 25. Qf4 Qd7 26. Rh1 Ng8 27.
Qg5+ Bg6 28. Qh4 Rf5 29. Qh8+ Kf8 30. Be4 Rg5 31. Bxg6 Rxg6 32. Rf1+ Ke8 33.
Ne4 Qg7 34. Nf6+ Ke7 35. Nxg8+ Qxg8 36. Qh1 d5 37. Qg1 Kd6 38. Qg3+ Kc6 39. a3
Qe6 40. b4 cxb4 41. axb4 a6 42. Rf4 Qd6 43. Kb2 d4 44. c3 dxc3+ 45. Kxc3 b5 46.
Qg2+ Qd5 47. Qg3 Qe5+ 48. Kc2 Qe2+ 49. Kc3 Qe5+ 50. Kc2 Qe6 51. Kc3 Qe5+ 52.
Kc2 1/2-1/2

[Event "FRA Team Ch"]
[Site "MONTPELLIER"]
[Date "2002.02.02"]
[Round "2.9"]
[White "Dacalor, Aurelie"]
[Black "Nicoara, Malina"]
[Result "0-1"]
[WhiteElo "2137"]
[BlackElo "2225"]
[PlyCount "52"]
[EventDate "2002.02.??"]
[WhiteTeam "Orange"]
[BlackTeam "Nice"]

1. d4 Nf6 2. c4 d6 3. Nc3 e5 4. dxe5 dxe5 5. Bg5 c6 6. Qxd8+ Kxd8 7. Nf3 Nbd7
8. e3 Kc7 9. a3 a5 10. Bd3 Bd6 11. O-O Nc5 12. Bc2 a4 13. Nd2 Nfd7 14. Nde4 f6
15. Bh4 Nb6 16. Nxc5 Bxc5 17. Ne4 Be7 18. Bd3 Be6 19. Rac1 Nd7 20. f4 Nc5 21.
Nxc5 Bxc5 22. Bf2 Rad8 23. Rfd1 Bg4 24. Bc2 Bxd1 25. Rxd1 Rxd1+ 26. Bxd1 Rd8
0-1

[Event "FRA Team Ch"]
[Site "MONACO"]
[Date "2002.02.02"]
[Round "2.2"]
[White "Jonkman, Harmen"]
[Black "Dorfman, Josif D"]
[Result "1/2-1/2"]
[WhiteElo "2498"]
[BlackElo "2602"]
[PlyCount "30"]
[EventDate "2000.02.??"]
[WhiteTeam "Gonfreville"]
[BlackTeam "Monaco"]

1. e4 c5 2. c3 d5 3. exd5 Qxd5 4. d4 Nf6 5. Nf3 e6 6. Be3 cxd4 7. cxd4 Nc6 8.
Nc3 Qd6 9. a3 Be7 10. Bd3 O-O 11. Qc2 Bd7 12. Rd1 Rac8 13. O-O Rfd8 14. Rfe1
Be8 15. Bc1 Qc7 1/2-1/2

[Event "FRA Team Ch"]
[Site "MONACO"]
[Date "2002.02.02"]
[Round "2.3"]
[White "Bauer, Christian"]
[Black "Rausis, Igors"]
[Result "1/2-1/2"]
[WhiteElo "2578"]
[BlackElo "2466"]
[PlyCount "52"]
[EventDate "2000.02.??"]
[WhiteTeam "Monaco"]
[BlackTeam "Gonfreville"]

1. d4 d5 2. c4 Bf5 3. cxd5 Bxb1 4. Qa4+ c6 5. dxc6 Nxc6 6. Rxb1 Qxd4 7. Qxd4
Nxd4 8. e3 Nc6 9. Bb5 Rc8 10. Bd2 a6 11. Ba4 Nf6 12. Rc1 b5 13. Bc2 e6 14. Nf3
Bb4 15. Ke2 Ke7 16. Bxb4+ Nxb4 17. Bb1 Nc6 18. Rhd1 Rc7 19. Rc2 Rhc8 20. Rdc1
Ne8 21. a3 h6 22. Rc3 Na5 23. Rxc7+ Rxc7 24. Rxc7+ Nxc7 25. Ne5 f6 26. Nd3 Kd6
1/2-1/2

[Event "FRA Team Ch"]
[Site "MONACO"]
[Date "2002.02.02"]
[Round "2.4"]
[White "Beikert, Guenther"]
[Black "Marciano, David"]
[Result "1/2-1/2"]
[WhiteElo "2438"]
[BlackElo "2505"]
[PlyCount "67"]
[EventDate "2000.02.??"]
[WhiteTeam "Gonfreville"]
[BlackTeam "Monaco"]

1. Nc3 e5 2. Nf3 Nc6 3. d4 exd4 4. Nxd4 Nf6 5. Bg5 Bb4 6. Nxc6 Bxc3+ 7. bxc3
bxc6 8. Qd4 O-O 9. Bxf6 Qxf6 10. Qxf6 gxf6 11. Rb1 d6 12. g3 Be6 13. Bg2 Rab8
14. Kd2 c5 15. a4 Ba2 16. Rb5 Bc4 17. Ra5 a6 18. Be4 Rb6 19. Bd3 Bxd3 20. exd3
Re8 21. Re1 Re5 22. f4 Rxe1 23. Kxe1 c4 24. Kd2 Kf8 25. d4 c6 26. g4 d5 27. Rc5
Ke7 28. a5 Rb5 29. Rxc6 Rxa5 30. g5 fxg5 31. fxg5 Ra1 32. h4 a5 33. Rc7+ Ke6
34. Rc6+ 1/2-1/2

[Event "FRA Team Ch"]
[Site "MONACO"]
[Date "2002.02.02"]
[Round "2.5"]
[White "Miralles, Gilles"]
[Black "Gouret, Thierry"]
[Result "1/2-1/2"]
[WhiteElo "2467"]
[BlackElo "2270"]
[PlyCount "58"]
[EventDate "2000.02.??"]
[WhiteTeam "Monaco"]
[BlackTeam "Gonfreville"]

1. d4 d5 2. c4 dxc4 3. Nf3 Nf6 4. Nc3 c6 5. a4 Bf5 6. e3 Bd3 7. Bxd3 cxd3 8.
Qxd3 e6 9. O-O Be7 10. e4 O-O 11. Bg5 h6 12. Bh4 a5 13. Rad1 Na6 14. Qe2 Nb4
15. Ne5 Nd7 16. Bxe7 Qxe7 17. Nc4 f6 18. Rd2 b6 19. Rfd1 Rae8 20. Qf1 Rb8 21.
Ne3 Rfd8 22. d5 Nc5 23. d6 Qf7 24. f4 Nb3 25. Rf2 Kh8 26. Qc4 Nc5 27. e5 f5 28.
Nc2 Nd5 29. Nd4 Ne3 1/2-1/2

[Event "FRA Team Ch"]
[Site "MONACO"]
[Date "2002.02.02"]
[Round "2.6"]
[White "Vallin, Guillaume"]
[Black "Rotstein, Arkadij"]
[Result "0-1"]
[WhiteElo "2356"]
[BlackElo "2526"]
[PlyCount "53"]
[EventDate "2000.02.??"]
[WhiteTeam "Gonfreville"]
[BlackTeam "Monaco"]

1. d4 Nf6 2. c4 c5 3. d5 b5 4. Nd2 bxc4 5. e4 e6 6. dxe6 dxe6 7. e5 Nd5 8. Nxc4
Nd7 9. Nf3 Be7 10. Bd3 N7b6 11. O-O Nxc4 12. Bxc4 O-O 13. Qe2 Bb7 14. Rd1 Qc7
15. Ng5 h6 16. Nh3 Rfd8 17. Qg4 Kf8 18. Qg3 Nb6 19. Bb3 c4 20. Bc2 Rxd1+ 21.
Bxd1 Rd8 22. Bh5 Rd3 23. Be3 Nd5 24. Be2 Nxe3 25. Bxd3 Nxg2 26. Rc1 Qc5 27.
Bxc4 {illisible (0-1 au 34 coups)} 0-1

[Event "FRA Team Ch"]
[Site "MONACO"]
[Date "2002.02.02"]
[Round "2.7"]
[White "Kosten, Anthony C"]
[Black "Theon, Pierre"]
[Result "1-0"]
[WhiteElo "2533"]
[BlackElo "2214"]
[PlyCount "41"]
[EventDate "2000.02.??"]
[WhiteTeam "Monaco"]
[BlackTeam "Gonfreville"]

1. c4 g6 2. Nc3 Bg7 3. g3 d6 4. Bg2 e5 5. e3 Nc6 6. Nge2 f5 7. d4 Nf6 8. dxe5
dxe5 9. Bxc6+ bxc6 10. Qxd8+ Kxd8 11. f3 Nd7 12. b3 e4 13. fxe4 fxe4 14. O-O
Ne5 15. Ba3 Bg4 16. Rac1 h5 17. Rc2 h4 18. Nxe4 Nf3+ 19. Kf2 hxg3+ 20. Kxg3
Be5+ 21. Nf4 1-0

[Event "FRA Team Ch"]
[Site "MONACO"]
[Date "2002.02.02"]
[Round "2.8"]
[White "Vaugeois, Cyrille"]
[Black "Efimov, Igor"]
[Result "0-1"]
[WhiteElo "2134"]
[BlackElo "2444"]
[PlyCount "42"]
[EventDate "2000.02.??"]
[WhiteTeam "Gonfreville"]
[BlackTeam "Monaco"]

1. e4 c5 2. Nf3 e6 3. Nc3 Nc6 4. Bb5 Nd4 5. O-O Ne7 6. Re1 Nec6 7. Bxc6 bxc6 8.
e5 Be7 9. Ne4 O-O 10. d3 f6 11. Nxd4 cxd4 12. exf6 gxf6 13. Bh6 Rf7 14. Qg4+
Kh8 15. Ng3 c5 16. c3 Qg8 17. Qxg8+ Kxg8 18. cxd4 cxd4 19. Re4 f5 20. Rxd4 Bf6
21. Ra4 Bb7 0-1

[Event "FRA Team Ch"]
[Site "MONACO"]
[Date "2002.02.02"]
[Round "2.9"]
[White "Lallemand, Roza"]
[Black "Buland, Cynthia"]
[Result "1-0"]
[WhiteElo "2291"]
[BlackElo "1670"]
[PlyCount "81"]
[EventDate "2000.02.??"]
[WhiteTeam "Monaco"]
[BlackTeam "Gonfreville"]

1. e4 c5 2. Nf3 Nc6 3. d4 cxd4 4. Nxd4 Nf6 5. Nc3 e5 6. Ndb5 d6 7. Bg5 a6 8.
Na3 b5 9. Nd5 Be7 10. Bxf6 Bxf6 11. c3 Ne7 12. Nc2 Bb7 13. Nce3 Nxd5 14. Nxd5
O-O 15. Be2 Rc8 16. a4 Bxd5 17. Qxd5 Rc5 18. Qd3 Qb6 19. axb5 Qxb5 20. Qc2 Qd7
21. Rxa6 d5 22. exd5 Rxd5 23. Bc4 Rc5 24. Qe4 Rd8 25. O-O Rc7 26. g3 Qd2 27.
Rb6 Qd7 28. Bb3 Qe7 29. Ra1 g6 30. Raa6 Bg7 31. Bd5 Rcd7 32. c4 Kh8 33. Qc2 f5
34. Qa4 e4 35. Re6 Qc5 36. Re8+ Rxe8 37. Qxd7 Qf8 38. Ra7 e3 39. fxe3 Rxe3 40.
Ra8 Qxa8 41. Bxa8 1-0

[Event "FRA Team Ch"]
[Site "MONACO"]
[Date "2002.02.02"]
[Round "2.1"]
[White "Moreno Carnero, Javier"]
[Black "Dgebuadze, Alexandre"]
[Result "0-1"]
[WhiteElo "2503"]
[BlackElo "2544"]
[PlyCount "104"]
[EventDate "2000.02.??"]
[WhiteTeam "Noyon"]
[BlackTeam "Sautron"]

1. e4 e6 2. d4 d5 3. Nc3 Bb4 4. e5 Ne7 5. a3 Bxc3+ 6. bxc3 c5 7. Nf3 Qa5 8. Bd2
Nbc6 9. a4 Qc7 10. Bd3 Bd7 11. O-O c4 12. Be2 f6 13. Bf4 Ng6 14. Bg3 fxe5 15.
Nxe5 Ngxe5 16. Qd2 O-O 17. dxe5 Be8 18. Bg4 Qd7 19. f4 Bg6 20. Bf2 b6 21. Bd4
Qf7 22. Rf2 Be4 23. Qe2 h6 24. g3 Rad8 25. Raf1 Qg6 26. Bh5 Qh7 27. Bg4 Rde8
28. Qd2 Re7 29. Qe2 Bf5 30. Bxf5 Qxf5 31. g4 Qg6 32. Rg2 Qe8 33. f5 Ref7 34.
Qe3 Nxd4 35. cxd4 exf5 36. gxf5 Rxf5 37. Rxf5 Rxf5 38. Qxh6 Qf7 39. Qc1 Rf3 40.
Qe1 Qf4 41. c3 Re3 42. Qd2 Qe4 43. Rf2 Re1+ 44. Rf1 Rxf1+ 45. Kxf1 Qh1+ 46. Ke2
Qxh2+ 47. Kd1 Qxd2+ 48. Kxd2 Kf7 49. Ke3 Ke6 50. Kf4 g6 51. Kf3 Kf5 52. Ke3 g5
0-1

[Event "FRA Team Ch"]
[Site "MONACO"]
[Date "2002.02.02"]
[Round "2.2"]
[White "Istratescu, Andrei"]
[Black "Marcelin, Cyril"]
[Result "1/2-1/2"]
[WhiteElo "2605"]
[BlackElo "2455"]
[PlyCount "44"]
[EventDate "2000.02.??"]
[WhiteTeam "Sautron"]
[BlackTeam "Noyon"]

1. c4 e6 2. Nc3 d5 3. d4 c6 4. cxd5 exd5 5. Bf4 Bf5 6. e3 Qb6 7. Qd2 Nf6 8.
Nge2 Ne4 9. Nxe4 Bxe4 10. Nc3 Bg6 11. h4 h5 12. Bd3 Bxd3 13. Qxd3 Bb4 14. O-O
O-O 15. e4 dxe4 16. Nxe4 Nd7 17. Rad1 Be7 18. Qg3 Rfe8 19. Rfe1 Qxb2 20. Rb1
Qxa2 21. Rxb7 Qd5 22. Be5 Nxe5 1/2-1/2

[Event "FRA Team Ch"]
[Site "MONACO"]
[Date "2002.02.03"]
[Round "2.3"]
[White "Glavina, Pablo"]
[Black "Belkhodja, Slim"]
[Result "0-1"]
[WhiteElo "2417"]
[BlackElo "2503"]
[PlyCount "88"]
[EventDate "2000.02.??"]
[WhiteTeam "Noyon"]
[BlackTeam "Sautron"]

1. e4 c5 2. Nf3 e6 3. d3 Nc6 4. g3 d6 5. Bg2 b5 6. O-O Bb7 7. Re1 Nf6 8. a4 b4
9. d4 cxd4 10. Nxd4 Rc8 11. c4 Be7 12. b3 O-O 13. Bb2 Nd7 14. Nd2 Nc5 15. Nf1
Bf6 16. Rb1 Nxd4 17. Bxd4 Bxd4 18. Qxd4 Qb6 19. Red1 Rfd8 20. g4 e5 21. Qe3 Qc7
22. Ng3 Bc6 23. Rb2 g6 24. Rbd2 Qe7 25. g5 f6 26. h4 fxg5 27. hxg5 Bb7 28. f4
exf4 29. Qxf4 Nxb3 30. Rxd6 Rxd6 31. Rxd6 Nc5 32. Rd1 Rf8 33. Qe3 Re8 34. a5
Bc6 35. a6 b3 36. Nh1 Bxe4 37. Bxe4 Nxe4 38. Qxb3 Qxg5+ 39. Kh2 Qh5+ 40. Kg2
Qe2+ 41. Kg1 Nc5 42. Qb1 Qg4+ 43. Kf1 Rf8+ 44. Nf2 Ne4 0-1

[Event "FRA Team Ch"]
[Site "MONACO"]
[Date "2002.02.02"]
[Round "2.4"]
[White "Lopez Martinez, Josep Manuel"]
[Black "Tirard, Hugo"]
[Result "1-0"]
[WhiteElo "2470"]
[BlackElo "2401"]
[PlyCount "53"]
[EventDate "2000.02.??"]
[WhiteTeam "Sautron"]
[BlackTeam "Noyon"]

1. d4 Nf6 2. c4 c5 3. d5 b5 4. Nf3 Bb7 5. Qc2 bxc4 6. e4 e6 7. Bg5 h6 8. Bxf6
Qxf6 9. Bxc4 exd5 10. exd5 Be7 11. O-O O-O 12. Nc3 d6 13. Rfe1 Nd7 14. Ne4 Qf5
15. Bd3 Ne5 16. Nxe5 Qxe5 17. Nxc5 Qxd5 18. Bh7+ Kh8 19. Be4 Qxc5 20. Qxc5 dxc5
21. Bxb7 Rae8 22. Bc6 Rc8 23. Bd7 Rc7 24. Rxe7 Rd8 25. Rd1 Kh7 26. h4 Kg6 27.
Rd6+ 1-0

[Event "FRA Team Ch"]
[Site "MONACO"]
[Date "2002.02.02"]
[Round "2.6"]
[White "Gerard, Nicolas"]
[Black "Peyrat, Olivier"]
[Result "0-1"]
[WhiteElo "2273"]
[BlackElo "2308"]
[PlyCount "68"]
[EventDate "2000.02.??"]
[WhiteTeam "Sautron"]
[BlackTeam "Noyon"]

1. d4 d6 2. c4 e5 3. Nf3 e4 4. Ng5 f5 5. Nc3 h6 6. Nh3 g5 7. e3 Nf6 8. Be2 Bg7
9. f3 O-O 10. fxe4 Nxe4 11. Nxe4 fxe4 12. Nf2 Qe7 13. O-O Nd7 14. Bd2 Nf6 15.
Bc3 Bf5 16. Rc1 Bg6 17. g4 Nd7 18. Nh1 Rxf1+ 19. Qxf1 Rf8 20. Qg2 c5 21. Ng3
Nb6 22. b3 Nd7 23. Rf1 Rxf1+ 24. Qxf1 Bh8 25. Qf2 Nb8 26. Nf5 Qf8 27. Bf1 Bxf5
28. gxf5 Nc6 29. Bg2 Qe7 30. Bb2 cxd4 31. Bxd4 Bxd4 32. exd4 e3 33. Qb2 e2 34.
Bd5+ Kf8 0-1

[Event "FRA Team Ch"]
[Site "MONACO"]
[Date "2002.02.02"]
[Round "2.7"]
[White "Bernard, Jacques"]
[Black "Mullon, Jean-Baptiste"]
[Result "0-1"]
[WhiteElo "2235"]
[BlackElo "2296"]
[PlyCount "72"]
[EventDate "2000.02.??"]
[WhiteTeam "Noyon"]
[BlackTeam "Sautron"]

1. e4 e6 2. d4 d5 3. Nc3 Nf6 4. Bg5 Be7 5. e5 Nfd7 6. h4 O-O 7. Qg4 f5 8. Qf4
c5 9. Nf3 Nc6 10. O-O-O cxd4 11. Nb5 Nc5 12. Nfxd4 Ne4 13. Bxe7 Qxe7 14. Rh3 a6
15. Nc3 Qc7 16. Nxc6 bxc6 17. Rf3 Bd7 18. Re3 c5 19. Nxe4 fxe4 20. Qg3 Bc6 21.
Ra3 Rf5 22. Bxa6 c4 23. Qe3 Qxe5 24. Qc5 Rb8 25. c3 Qf4+ 26. Qe3 Qxf2 27. Qxf2
Rxf2 28. b3 e5 29. g4 e3 30. Re1 cxb3 31. axb3 d4 32. Bc4+ Kf8 33. Ra5 Re8 34.
b4 Be4 35. Ra2 Rc8 36. Rxf2+ exf2 0-1

[Event "FRA Team Ch"]
[Site "MONACO"]
[Date "2002.02.02"]
[Round "2.9"]
[White "Wolfangel, Florence"]
[Black "Marchadour, Claire"]
[Result "1/2-1/2"]
[WhiteElo "1960"]
[BlackElo "2127"]
[PlyCount "86"]
[EventDate "2000.02.??"]
[WhiteTeam "Noyon"]
[BlackTeam "Sautron"]

1. d4 Nf6 2. c4 c5 3. d5 b5 4. cxb5 a6 5. f3 e6 6. e4 exd5 7. e5 Qe7 8. Qe2 Ng8
9. Nc3 Bb7 10. Nh3 c4 11. Nf4 Qc5 12. a4 d4 13. bxa6 Bxa6 14. Qe4 Nc6 15. Ncd5
O-O-O 16. b4 Qa7 17. Rb1 Re8 18. e6 fxe6 19. b5 Kd8 20. b6 Qb7 21. Nc7 Nf6 22.
Qe2 d3 23. Qb2 Bb4+ 24. Bd2 Qxb6 25. Nxe8 Bxd2+ 26. Kxd2 Qf2+ 27. Kd1 Qxb2 28.
Rxb2 Nxe8 29. Kd2 Kc7 30. Nxd3 cxd3 31. Bxd3 Bxd3 32. Kxd3 Nd6 33. Rc1 Ra8 34.
Rb4 Ra5 35. g4 Rd5+ 36. Ke3 Kd8 37. Rbb1 Ra5 38. Ra1 Nb7 39. Rab1 Kc7 40. Rc4
d5 41. Rf4 Nd6 42. Rf8 d4+ 43. Ke2 Rxa4 1/2-1/2

[Event "FRA Team Ch"]
[Site "DRANCY"]
[Date "2002.02.02"]
[Round "2.2"]
[White "Godena, Michele"]
[Black "Hebden, Mark"]
[Result "1/2-1/2"]
[WhiteElo "2487"]
[BlackElo "2558"]
[PlyCount "129"]
[EventDate "2000.02.??"]
[WhiteTeam "Cannes"]
[BlackTeam "Clichy"]

1. e4 e5 2. Nf3 Nc6 3. Bb5 a6 4. Ba4 Nf6 5. d3 b5 6. Bb3 Be7 7. a4 Bb7 8. O-O
O-O 9. Re1 d6 10. Nc3 Na5 11. Ba2 b4 12. Ne2 Rb8 13. Ng3 c5 14. Nd2 Ne8 15. Nc4
Nxc4 16. Bxc4 Nc7 17. c3 bxc3 18. bxc3 d5 19. exd5 Bxd5 20. Qg4 Rb6 21. Bxd5
Nxd5 22. Qc4 Re6 23. Ne4 Qd7 24. Nxc5 Bxc5 25. Qxc5 Rc8 26. Qa5 Rxc3 27. Bb2
Rxd3 28. Rxe5 Rxe5 29. Bxe5 Qc8 30. Rb1 h6 31. h3 Kh7 32. Re1 Qc4 33. Bg3 Rd4
34. Qd8 Nf6 35. Qf8 Re4 36. Rxe4 Nxe4 37. a5 f6 38. Kh2 Nd2 39. Qd8 Nb3 40. Qb6
Qd3 41. Bf4 Nd4 42. Be3 Ne2 43. Qe6 Nc3 44. Bc5 Nd5 45. Qd7 Nf4 46. Qxd3+ Nxd3
47. Bb6 h5 48. Kg3 Kg6 49. Kf3 Ne1+ 50. Kg3 Kf5 51. f3 Nd3 52. Be3 g5 53. h4
Nb4 54. hxg5 fxg5 55. Kh3 g4+ 56. fxg4+ hxg4+ 57. Kg3 Nd5 58. Bb6 Nf6 59. Kf2
Kf4 60. Bc7+ Ke4 61. Kg3 Kf5 62. Kf2 Nd5 63. Bb6 Ke4 64. Kg3 Nf6 65. Bc7
1/2-1/2

[Event "FRA Team Ch"]
[Site "DRANCY"]
[Date "2002.02.02"]
[Round "2.3"]
[White "Tregubov, Pavel V"]
[Black "Gallagher, Joseph G"]
[Result "1/2-1/2"]
[WhiteElo "2626"]
[BlackElo "2503"]
[PlyCount "84"]
[EventDate "2000.02.??"]
[WhiteTeam "Clichy"]
[BlackTeam "Cannes"]

1. d4 Nf6 2. c4 g6 3. g3 Bg7 4. Bg2 O-O 5. Nc3 d6 6. Nf3 Nbd7 7. O-O e5 8. e4
a6 9. Re1 exd4 10. Nxd4 Ng4 11. h3 Qf6 12. hxg4 Qxd4 13. Nd5 c6 14. Ne7+ Kh8
15. Qxd4 Bxd4 16. Be3 Bxe3 17. Rxe3 Ne5 18. Nxc8 Raxc8 19. b3 c5 20. Rd1 Rcd8
21. g5 Nc6 22. e5 Nd4 23. Bxb7 dxe5 24. Kg2 Nc2 25. Ree1 Nxe1+ 26. Rxe1 f6 27.
gxf6 Rxf6 28. Rxe5 Rd2 29. Bf3 Rf5 30. Re8+ Kg7 31. g4 Rf7 32. a4 Rb2 33. Rc8
h5 34. gxh5 gxh5 35. Rxc5 h4 36. Rg5+ Kf6 37. Rh5 Rg7+ 38. Kf1 Rb1+ 39. Ke2
Re7+ 40. Kd2 Rxb3 41. Bd5 h3 42. Kc2 Ra3 1/2-1/2

[Event "FRA Team Ch"]
[Site "DRANCY"]
[Date "2002.02.02"]
[Round "2.4"]
[White "Kazhgaleyev, Murtas"]
[Black "Conquest, Stuart"]
[Result "1/2-1/2"]
[WhiteElo "2561"]
[BlackElo "2596"]
[PlyCount "106"]
[EventDate "2000.02.??"]
[WhiteTeam "Cannes"]
[BlackTeam "Clichy"]

1. d4 Nf6 2. Bg5 Ne4 3. Bh4 c5 4. f3 g5 5. fxe4 gxh4 6. e3 e6 7. Nf3 Bh6 8. Kf2
cxd4 9. exd4 d6 10. Nc3 Nd7 11. Bc4 a6 12. a4 Nf6 13. Qd3 Ng4+ 14. Kg1 Ne3 15.
Re1 Nxc4 16. Qxc4 Rg8 17. Kf2 Bd7 18. Qb4 h3 19. gxh3 Qc7 20. Rhg1 O-O-O 21.
Rxg8 Rxg8 22. Rg1 Rg6 23. Rg3 Kb8 24. e5 Bf8 25. h4 Bc6 26. h5 Rxg3 27. hxg3
Qd8 28. Qc4 Bxf3 29. Kxf3 dxe5 30. dxe5 Qg5 31. Qd4 Qf5+ 32. Qf4 Qxh5+ 33. g4
Qh3+ 34. Ke2 Bh6 35. Qd4 Qg2+ 36. Kd1 Qg1+ 37. Ke2 Qg2+ 38. Kd1 Qg1+ 39. Ke2
Qg2+ 40. Kd1 Bg5 41. Qd6+ Ka8 42. Qf8+ Ka7 43. Qc5+ Ka8 44. Qc8+ Ka7 45. Qc5+
b6 46. Qc7+ Qb7 47. Qd6 Be7 48. Qd4 Qh1+ 49. Ke2 Qg2+ 50. Ke3 Qf1 51. Ke4 Qg2+
52. Kd3 Qf1+ 53. Ke4 Qg2+ 1/2-1/2

[Event "FRA Team Ch"]
[Site "DRANCY"]
[Date "2002.02.02"]
[Round "2.5"]
[White "Degraeve, Jean-Marc"]
[Black "Chabanon, Jean-Luc"]
[Result "1/2-1/2"]
[WhiteElo "2591"]
[BlackElo "2483"]
[PlyCount "78"]
[EventDate "2000.02.??"]
[WhiteTeam "Clichy"]
[BlackTeam "Cannes"]

1. e4 d5 2. exd5 Qxd5 3. Nc3 Qa5 4. d4 Nf6 5. Nf3 c6 6. Bc4 Bf5 7. Bd2 e6 8.
Nd5 Qd8 9. Nxf6+ Qxf6 10. Qe2 Bd6 11. O-O-O O-O 12. Ne5 Bxe5 13. dxe5 Qg6 14.
Bb4 c5 15. Bxc5 Rc8 16. f3 h5 17. Bd6 Bxc2 18. Qxc2 Qxc2+ 19. Kxc2 Rxc4+ 20.
Kd3 Ra4 21. a3 Nc6 22. b3 Ra5 23. Ke4 f6 24. exf6 gxf6 25. g4 hxg4 26. fxg4 Kf7
27. Rd3 Rg8 28. h3 f5+ 29. gxf5 Rxf5 30. Bf4 Rg2 31. Rd7+ Kf6 32. Rb1 Re2+ 33.
Kd3 Ra2 34. Be3 Ne5+ 35. Ke4 Re2 36. Rc1 Rf3 37. Rc3 Rxh3 38. Kd4 Nc6+ 39. Rxc6
Rexe3 1/2-1/2

[Event "FRA Team Ch"]
[Site "DRANCY"]
[Date "2002.02.02"]
[Round "2.6"]
[White "Fontaine, Robert"]
[Black "Relange, Eloi"]
[Result "1/2-1/2"]
[WhiteElo "2469"]
[BlackElo "2491"]
[PlyCount "73"]
[EventDate "2000.02.??"]
[WhiteTeam "Cannes"]
[BlackTeam "Clichy"]

1. e4 c5 2. Nc3 d6 3. f4 g6 4. Nf3 Bg7 5. Bc4 e6 6. O-O Nc6 7. d3 Nge7 8. Qe1
h6 9. Bb3 a6 10. a4 b6 11. Qg3 Nd4 12. Nxd4 cxd4 13. Ne2 O-O 14. f5 exf5 15.
exf5 Bxf5 16. Qf2 Be6 17. Nxd4 Bxb3 18. Nxb3 b5 19. Nd4 b4 20. a5 Rc8 21. Kh1
Nd5 22. Nf3 Qc7 23. Qh4 h5 24. Rf2 Qc5 25. h3 Rfe8 26. g4 Ne3 27. Bxe3 Rxe3 28.
gxh5 Rce8 29. hxg6 fxg6 30. Ng5 Qd5+ 31. Rg2 R8e5 32. Qh7+ Kf8 33. Rf1+ Rf5 34.
Rxf5+ gxf5 35. Ne6+ Rxe6 36. Qxg7+ Ke8 37. Qh8+ 1/2-1/2

[Event "FRA Team Ch"]
[Site "DRANCY"]
[Date "2002.02.02"]
[Round "2.8"]
[White "Armas, Julius"]
[Black "Verat, Laurent"]
[Result "1/2-1/2"]
[WhiteElo "2385"]
[BlackElo "2337"]
[PlyCount "121"]
[EventDate "2000.02.??"]
[WhiteTeam "Cannes"]
[BlackTeam "Clichy"]

1. e4 c6 2. d4 d5 3. Nd2 dxe4 4. Nxe4 Nd7 5. Nf3 Ngf6 6. Ng3 e6 7. Bd3 c5 8. c3
cxd4 9. cxd4 Bb4+ 10. Bd2 Bxd2+ 11. Qxd2 O-O 12. O-O Nb6 13. Rad1 Bd7 14. Ne5
Rc8 15. Ne4 Bc6 16. Nxc6 Rxc6 17. Nxf6+ Qxf6 18. Qa5 a6 19. Be4 Nd5 20. Bxd5
Qg5 21. Qb4 Qxd5 22. Qxb7 h6 23. Rd3 Rfc8 24. a3 e5 25. Rc3 exd4 26. Qxc8+ Rxc8
27. Rxc8+ Kh7 28. Rc2 Qb3 29. Rd2 f5 30. f4 Qe3+ 31. Rdf2 d3 32. Rd1 d2 33. Kf1
Qd3+ 34. Re2 Qd4 35. Rdxd2 Qxf4+ 36. Kg1 Qc4 37. h3 Qc1+ 38. Kf2 Qc5+ 39. Kf3
h5 40. Rd3 Qc6+ 41. Ke3 Qe4+ 42. Kd2 Qf4+ 43. Kc3 Qc7+ 44. Kd2 Qf4+ 45. Rde3
Qd4+ 46. Kc2 Qc4+ 47. Kb1 a5 48. Rc2 Qd4 49. Rec3 Qd1+ 50. Ka2 Qd5+ 51. Ka1
Qd1+ 52. Rc1 Qd2 53. R3c2 Qd5 54. g3 Qf3 55. Rc3 Qf2 56. h4 f4 57. R1c2 Qe1+
58. Rc1 Qf2 59. R1c2 Qf1+ 60. Rc1 Qf2 61. R1c2 1/2-1/2

[Event "FRA Team Ch"]
[Site "DRANCY"]
[Date "2002.02.02"]
[Round "2.9"]
[White "Costagliola, Marina"]
[Black "Wohlers-Armas, Friedericke"]
[Result "1/2-1/2"]
[WhiteElo "2261"]
[BlackElo "2198"]
[PlyCount "40"]
[EventDate "2000.02.??"]
[WhiteTeam "Clichy"]
[BlackTeam "Cannes"]

1. e4 d6 2. Nc3 c5 3. g3 Nc6 4. Bg2 g6 5. d3 Bg7 6. Be3 e6 7. Qd2 Nd4 8. Nd1
Rb8 9. c3 Nc6 10. Nf3 b6 11. O-O Ba6 12. h3 Nge7 13. Re1 Ne5 14. Nxe5 dxe5 15.
Bf1 O-O 16. f4 Nc6 17. Nf2 exf4 18. gxf4 e5 19. Rad1 Rb7 20. Bg2 Rd7 1/2-1/2

[Event "FRA Team Ch"]
[Site "DRANCY"]
[Date "2002.02.02"]
[Round "2.1"]
[White "Bacrot, Etienne"]
[Black "Komarov, Dimitri"]
[Result "1/2-1/2"]
[WhiteElo "2649"]
[BlackElo "2537"]
[PlyCount "39"]
[EventDate "2000.02.??"]
[WhiteTeam "NAO Chess Club"]
[BlackTeam "Drancy"]

1. d4 Nf6 2. c4 e6 3. Nc3 Bb4 4. Nf3 c5 5. g3 Ne4 6. Qd3 Qa5 7. Qxe4 Bxc3+ 8.
Bd2 Bxd2+ 9. Nxd2 d6 10. Bg2 O-O 11. Qe3 cxd4 12. Qxd4 Rd8 13. O-O Nc6 14. Qd3
Qc7 15. Rfd1 Ne5 16. Qd4 Bd7 17. Rac1 Bc6 18. b3 Bxg2 19. Kxg2 Nc6 20. Qe3
1/2-1/2

[Event "FRA Team Ch"]
[Site "DRANCY"]
[Date "2002.02.02"]
[Round "2.2"]
[White "David, Alberto"]
[Black "Hauchard, Arnaud"]
[Result "1/2-1/2"]
[WhiteElo "2516"]
[BlackElo "2518"]
[PlyCount "85"]
[EventDate "2000.02.??"]
[WhiteTeam "Drancy"]
[BlackTeam "NAO Chess Club"]

1. d4 Nf6 2. c4 c6 3. Nc3 d5 4. Nf3 dxc4 5. a4 Bf5 6. Nh4 e6 7. Nxf5 exf5 8. e3
Bd6 9. Bxc4 Qe7 10. h3 h5 11. O-O Nbd7 12. Qc2 g6 13. f3 c5 14. Qb3 O-O 15.
Qxb7 Rab8 16. Qa6 cxd4 17. exd4 Rb6 18. Qa5 Rc8 19. Ba2 Bb8 20. Rd1 Qd6 21. f4
a6 22. Nd5 Nxd5 23. Qxd5 Qe7 24. Qf3 Nf6 25. Qf1 Ne4 26. Bc4 a5 27. b3 Bd6 28.
Be3 Bb4 29. Qf3 Rd6 30. Rd3 h4 31. Rc1 Rcd8 32. Kh2 Kg7 33. Rc2 Rc8 34. d5 Bc5
35. Bxc5 Rxc5 36. Qe3 Rb6 37. Rd4 Qd6 38. Re2 Rb7 39. Rxe4 fxe4 40. Qd4+ Kg8
41. Rxe4 Rc8 42. Qe5 Rb6 43. Qg5 1/2-1/2

[Event "FRA Team Ch"]
[Site "DRANCY"]
[Date "2002.02.02"]
[Round "2.4"]
[White "Godard, Maxence"]
[Black "Fressinet, Laurent"]
[Result "0-1"]
[WhiteElo "2591"]
[BlackElo "2383"]
[PlyCount "92"]
[EventDate "2000.02.??"]
[WhiteTeam "Drancy"]
[BlackTeam "NAO Chess Club"]

1. e4 c5 2. Nf3 d6 3. d4 cxd4 4. Nxd4 Nf6 5. Nc3 a6 6. Be3 e5 7. Nb3 Be6 8. Qd2
Nbd7 9. f3 Be7 10. g4 O-O 11. Nd5 Bxd5 12. exd5 Nb6 13. c4 Qc7 14. Rc1 Nfd7 15.
Bd3 Bh4+ 16. Ke2 Na4 17. Be4 a5 18. Qc2 g6 19. Nd2 Nac5 20. Rhg1 Bf6 21. Nb1
Qd8 22. Qd2 Rc8 23. Na3 Bg7 24. Rg2 Nf6 25. Bxc5 Rxc5 26. Nb5 a4 27. b4 axb3
28. axb3 Rc8 29. Ra1 Qd7 30. Qb4 Rfd8 31. Ra7 Bh6 32. Nc3 Rb8 33. Qb5 Qe7 34.
b4 Nd7 35. Kd1 Qg5 36. Kc2 Qc1+ 37. Kb3 Be3 38. Raa2 Bd4 39. Rgc2 Qe1 40. Qa5
b6 41. Qa7 b5 42. Qa6 bxc4+ 43. Qxc4 Rdc8 44. Qc6 Nc5+ 45. Kc4 Nxe4 46. fxe4
Be3 0-1

[Event "FRA Team Ch"]
[Site "DRANCY"]
[Date "2002.02.02"]
[Round "2.5"]
[White "Horvath, Jozsef"]
[Black "Salaun, Yann"]
[Result "1-0"]
[WhiteElo "2537"]
[BlackElo "2409"]
[PlyCount "43"]
[EventDate "2000.02.??"]
[WhiteTeam "NAO Chess Club"]
[BlackTeam "Drancy"]

1. Nf3 c5 2. c4 b6 3. d4 cxd4 4. Nxd4 Bb7 5. Nc3 g6 6. e4 Bg7 7. Be3 d6 8. g3
Nd7 9. Bg2 Ngf6 10. O-O Rb8 11. g4 Ne5 12. g5 Nfg4 13. Bc1 Qc8 14. h3 h5 15.
hxg4 hxg4 16. Nd5 Ba6 17. Nb5 Kf8 18. Nxe7 Kxe7 19. Qxd6+ Ke8 20. Bf4 Rb7 21.
Bxe5 Rd7 22. Bxg7 1-0